01872nam a2200361Ia 4500001001200000003000800012006001900020007001500039008004100054010001700095020002200112020002200134040002100156035002100177050002300198082002400221245031900245260005600564300001500620504004100635533015200676650006000828650005400888650004800942650004600990655002901036710013801065710007701203710006801280710001701348856012601365999001901491ebr10132065CaPaEBRm u cr cn|||||||||060518s2006 dcu sb 000 0 eng d z 2006016731 z0309101263 (pbk.) z0309657903 (pdfs) aCaPaEBRcCaPaEBR a(OCoLC)56053523614aUC713b.M55 2006eb04a613.2/85024355522200aMineral requirements for military personnelh[electronic resource] :blevels needed for cognitive and physical performance during garrison training /cCommittee on Mineral Requirements for Cognitive and Physical Performance of Military Personnel, Committee on Military Nutrition Research, Food and Nutrition Board. aWashington, DC :bNational Academies Press,cc2006. axv, 496 p. aIncludes bibliographical references. aElectronic reproduction.bPalo Alto, Calif. :cebrary,d2009.nAvailable via World Wide Web.nAccess may be limited to ebrary affiliated libraries. 0aOperational rations (Military supplies)zUnited States. 0aSoldiersxNutritionxRequirementszUnited States. 0aMinerals in human nutritionzUnited States. 0aStress (Physiology)xNutritional aspects. 7aElectronic books.2local2 aNational Academy of Sciences (U.S.).bCommittee on Mineral Requirements for Cognitive and Physical Performance of Military Personnel.2 aInstitute of Medicine (U.S.).bCommittee on Military Nutrition Research.2 aNational Academy of Sciences (U.S.).bFood and Nutrition Board.2 aebrary, Inc.40uhttp://site.ebrary.com/lib/rucke/Doc?id=10132065zAn electronic book accessible through the World Wide Web; click to view c183775d183775